<?xml version="1.0" encoding="UTF-8"?><?xml-stylesheet type="text/xsl" href="static/style.xsl"?><OAI-PMH xmlns="http://www.openarchives.org/OAI/2.0/" xmlns:xsi="http://www.w3.org/2001/XMLSchema-instance" xsi:schemaLocation="http://www.openarchives.org/OAI/2.0/ http://www.openarchives.org/OAI/2.0/OAI-PMH.xsd"><responseDate>2026-04-17T01:05:25Z</responseDate><request verb="GetRecord" identifier="oai:www.recercat.cat:2117/192481" metadataPrefix="marc">https://recercat.cat/oai/request</request><GetRecord><record><header><identifier>oai:recercat.cat:2117/192481</identifier><datestamp>2026-01-30T08:46:59Z</datestamp><setSpec>com_2072_1033</setSpec><setSpec>col_2072_452950</setSpec></header><metadata><record xmlns="http://www.loc.gov/MARC21/slim" xmlns:dcterms="http://purl.org/dc/terms/" xmlns:xsi="http://www.w3.org/2001/XMLSchema-instance" xmlns:doc="http://www.lyncode.com/xoai" xsi:schemaLocation="http://www.loc.gov/MARC21/slim http://www.loc.gov/standards/marcxml/schema/MARC21slim.xsd">
   <leader>00925njm 22002777a 4500</leader>
   <datafield ind2=" " ind1=" " tag="042">
      <subfield code="a">dc</subfield>
   </datafield>
   <datafield ind2=" " ind1=" " tag="720">
      <subfield code="a">Faria, R</subfield>
      <subfield code="e">author</subfield>
   </datafield>
   <datafield ind2=" " ind1=" " tag="720">
      <subfield code="a">Oliver Olivella, Xavier</subfield>
      <subfield code="e">author</subfield>
   </datafield>
   <datafield ind2=" " ind1=" " tag="720">
      <subfield code="a">Cervera Ruiz, Miguel</subfield>
      <subfield code="e">author</subfield>
   </datafield>
   <datafield ind2=" " ind1=" " tag="260">
      <subfield code="c">2004-12</subfield>
   </datafield>
   <datafield ind2=" " ind1=" " tag="520">
      <subfield code="a">This material may be downloaded for personal use only. Any other use requires prior permission of the American Society of Civil Engineers. This material may be found at https://ascelibrary.org/doi/pdf/10.1061/%28ASCE%290733-9445%282004%29130%3A12%281997%29</subfield>
   </datafield>
   <datafield ind2=" " ind1=" " tag="520">
      <subfield code="a">A constitutive model devised for the analysis of concrete structures, and suitable for generic two- or three-dimensional applications, is presented and validated. For plain concrete a tension-compression distinguishing stress split is performed, and two scalar damage variables account for the degradation induced by the tensile and compressive stress components. As outcomes the model reproduces the stiffness recovery upon load reversal, and it captures the strength enhancement under multiaxial compression. Besides, the simple formulation as well as the extremely reduced number of parameters involved in the concrete model makes it quite suitable for the analysis of real structures, and constitutes a useful design tool. As regards to the nonlinear performance of the steel reinforcement, the explicit Giuffrè–Menegotto–Pinto model is adopted. Efficiency of the global model is illustrated via two seismic applications: one concerning an arch dam, and the other a six-floor reinforced concrete wall. The latter application is presented for validation purposes.</subfield>
   </datafield>
   <datafield ind2=" " ind1=" " tag="520">
      <subfield code="a">Research partially supported by the Training and Mobility of Researchers Programme, Access to Large Installations, under Contract ERBFMGECT950062 “Acces to supercomputing facilities for European researchers” established between The European Community and CESCA-CEPBA. Financial support from the Spanish Ministry of Science and Technology, through Grant MAT2001-3863-C03-03, and from the Catalan Government Research Department, through the CIRIT Grant 2001-SGR 00262, is also gratefully acknowledged.</subfield>
   </datafield>
   <datafield ind2=" " ind1=" " tag="520">
      <subfield code="a">Peer Reviewed</subfield>
   </datafield>
   <datafield ind2=" " ind1=" " tag="520">
      <subfield code="a">Postprint (author's final draft)</subfield>
   </datafield>
   <datafield tag="653" ind2=" " ind1=" ">
      <subfield code="a">Àrees temàtiques de la UPC::Enginyeria civil::Materials i estructures::Materials i estructures de formigó</subfield>
   </datafield>
   <datafield tag="653" ind2=" " ind1=" ">
      <subfield code="a">Concrete--Mechanical properties--Mathematical models</subfield>
   </datafield>
   <datafield tag="653" ind2=" " ind1=" ">
      <subfield code="a">Concrete</subfield>
   </datafield>
   <datafield tag="653" ind2=" " ind1=" ">
      <subfield code="a">Stress split</subfield>
   </datafield>
   <datafield tag="653" ind2=" " ind1=" ">
      <subfield code="a">Scalar damages</subfield>
   </datafield>
   <datafield tag="653" ind2=" " ind1=" ">
      <subfield code="a">Steel</subfield>
   </datafield>
   <datafield tag="653" ind2=" " ind1=" ">
      <subfield code="a">Cyclic behavior</subfield>
   </datafield>
   <datafield tag="653" ind2=" " ind1=" ">
      <subfield code="a">Experimental validation</subfield>
   </datafield>
   <datafield tag="653" ind2=" " ind1=" ">
      <subfield code="a">Formigó -- Propietats mecàniques</subfield>
   </datafield>
   <datafield ind2="0" ind1="0" tag="245">
      <subfield code="a">Modeling material failure in concrete structures under cyclic actions</subfield>
   </datafield>
</record></metadata></record></GetRecord></OAI-PMH>